Premio periodismo de excelencia 2007

Kaydedildi:
Detaylı Bibliyografya
Müşterek Yazar: Universidad Alberto Hurtado (Yazar)
Materyal Türü: Kitap
Dil:İspanyolca
Baskı/Yayın Bilgisi: Santiago Ediciones B 2008
Edisyon:1a. ed
Konular:
Etiketler: Etiketle
Etiket eklenmemiş, İlk siz ekleyin!

MARC

LEADER 00000nam a2200000 a 4500
001 UCI7253
003 CL-VaPUC
008 080619e20080000CL |||||||||||||||||spa|d
020 |a 9789563040432 
082 0 4 |a 070  |b UNI  |2 21 
110 2 |a Universidad Alberto Hurtado  |e author  |9 530438 
245 1 0 |a Premio periodismo de excelencia 2007 
250 |a 1a. ed 
300 |a 255 p 
942 |c BK 
945 |d 20080619 00:00:00  |a rbrito 
260 |a Santiago  |b Ediciones B  |c 2008 
650 0 |a Periodismo   |9 310113 
650 7 |a PREMIOS  |2 CL-VaPUC  |9 401325 
650 0 |a Periodistas   |9 335499 
583 |a last modification  |c 20080619 00:00:00  |k Rodrigo Vera 
999 |c 330596  |d 330594 
952 |0 0  |1 0  |4 0  |6 070_000000000000000_UNI_2008  |7 0  |8 A  |9 416208  |a BIBCUR  |b BIBCUR  |d 2019-11-22  |i 4449282  |o 070 UNI 2008  |p 4449282  |r 2025-04-22  |w 2019-11-22  |y BK  |k PER